Score 0/16 Timer 02:00
0 Plays Today
Clue 4-Letter Word % Correct
A female horseMARE
92.7%
The sixth month of the yearJUNE
92.6%
A popular brand of sodaCOKE
91.7%
A box used to play music in dinersJUKE
90%
Worn by members of the clergy, or by those who just took a bathROBE
89.8%
To fool around; a wisecrackJOKE
89.3%
The city to which all roads leadROME
89.1%
This can refer to a part of your ear, or a part of your brainLOBE
87.2%
Clue 4-Letter Word % Correct
To have concernCARE
86.8%
Arrived; showed upCAME
84%
A large, heavy bookTOME
80%
To make docile; to take controlTAME
79.9%
Roman God of war in [Rung 7] mythologyMARS
79.5%
To deal with or endure somethingCOPE
71.8%
Queen of the Gods in [Rung 7] mythologyJUNO
70.5%
A type of running that uses long stridesLOPE
69.2%

Today's Daily Dose

Remove Ads.
Support Sporcle.
Get the best of Sporcle when you Go Orange. This ad-free experience offers more features, more stats, and more fun while also helping to support Sporcle. Thank you for becoming a member.

You're not logged in!

Compare scores with friends on all Sporcle quizzes.
OR
Log In

Show Comments

Extras

Top Quizzes Today


Score Distribution

Your Account Isn't Verified!

In order to create a playlist on Sporcle, you need to verify the email address you used during registration. Go to your Sporcle Settings to finish the process.

Report this User

Report this user for behavior that violates our Community Guidelines.

Details: